00776nam0a22002291 4500001001100000005001700011021001900028035002600047100004100073101000800114102000700122105001800129200004300147210005000190215003500240300004300275606008900318700007500407801001800482801002200500852002400522rc\401245020250611055016.0 aRUb[55-46654] a(NLR Aleph) 008080635 a20130415d1955 |||y0rusy50 ca0 arus aRU aa z |||||1 aАлма-атинский апорт aАлма-АтаcКазгосиздатd1955 a60 с., 2 л. ил.cил.d20 aНа обл. авт. не указан aАпортxВозделываниеyАлма-Атинская область2psbo 1aКацейкоbА.Н.f1905-gАркадий Николаевич 0aRUbNLRgpsbo 1aRUbELAR2rusmarc aNLRjС40 Г-4/2118